| 000 | 00442nam a2200181Ia 4500 | ||
|---|---|---|---|
| 008 | 170705s9999 xx 000 0 und d | ||
| 020 | _a9780439678049 | ||
| 245 | 4 | _aThe case of the double trouble detectives / | |
| 260 | _aNew York : | ||
| 260 | _bScholastic, | ||
| 260 | _c2005 | ||
| 300 | _a79 pages : | ||
| 300 | _bcolor illustration ; | ||
| 300 | _c20cm. | ||
| 440 | _aA jigsaw Jones Mystery ; | ||
| 440 | _v26 | ||
| 500 | _a470 | ||
| 999 |
_c335824 _d335824 |
||